Castelao na voz dos poetas / (Record no. 41359)

MARC details
000 -LEADER
campo de control de longitud fija 00759nam a2200205 i 4500
001 - NÚMERO DE CONTROL
campo de control 41359
003 - IDENTIFICADOR DE NÚMERO DE CONTROL
campo de control ES-MaACL
005 - FECHA Y HORA DE LA ÚLTIMA TRANSACCIÓN
campo de control 20250917063030.0
007 - CAMPO FIJO DE DESCRIPCIÓN FÍSICA--INFORMACIÓN GENERAL
campo de control de longitud fija t|
008 - DATOS DE LONGITUD FIJA--INFORMACIÓN GENERAL
campo de control de longitud fija 030310s1970 sp ||||1| gao d
100 1# - ENTRADA PRINCIPAL--NOMBRE DE PERSONA
Nombre de persona Castelao,
Fechas asociadas al nombre 1886-1950
9 (RLIN) 36475
245 10 - MENCIÓN DEL TÍTULO
Título Castelao na voz dos poetas /
Mención de responsabilidad, etc. R. Cabanillas [y otros] e aportaciós pra unha bibliografia de Castelao ; Xesús Alonso Montero, Epifanio Ramos de Castro, Ricardo Palmás Casal.
260 ## - PUBLICACIÓN, DISTRIBUCIÓN, ETC.
Lugar de publicación, distribución, etc. [La Coruña] :
Nombre del editor, distribuidor, etc. Ediciós do Castro,
Fecha de publicación, distribución, etc. 1970.
300 ## - DESCRIPCIÓN FÍSICA
Extensión 113 p. :
Otras características físicas il. ;
Dimensiones 19 cm.
700 1# - ENTRADA AGREGADA--NOMBRE PERSONAL
Nombre de persona Alonso Montero, Xesús.
9 (RLIN) 20364
700 1# - ENTRADA AGREGADA--NOMBRE PERSONAL
Nombre de persona Ramos de Castro, Epifanio.
9 (RLIN) 95303
700 1# - ENTRADA AGREGADA--NOMBRE PERSONAL
Nombre de persona Palmás Casal, Ricardo.
9 (RLIN) 88622
852 ## - LOCALIZACIÓN
Ubicación ES-MaACL
Número de control de estantería C-45317
Sublocalización o colección R.77733
Holdings
Estatus retirado Estado de pérdida Estado de daño No para préstamo Biblioteca de origen Biblioteca actual Ubicación en estantería Fecha de adquisición Fuente de adquisición Total de préstamos Signatura topográfica completa Código de barras Visto por última vez Precio de reemplazo Tipo de ítem Koha
        Biblioteca del Ateneo de Madrid Biblioteca del Ateneo de Madrid Depósito 2 17/01/2008     C-45317 1043540 23/02/2023 23/02/2023 Libro impreso